Normal view
MARC view
- SUPERVISOR DR. USMAN AKRAM LEC ANUM ABDUL SALAM
Entry Corporate Name
001 - CONTROL NUMBER
- control field: 124322
003 - CONTROL NUMBER IDENTIFIER
- control field: NUST
005 - DATE AND TIME OF LATEST TRANSACTION
- control field: 20240709195758.0
008 - FIXED-LENGTH DATA ELEMENTS
- fixed length control field: 240709|| aca||aabn | a|a d
040 ## - CATALOGING SOURCE
- Original cataloging agency: NUST
- Transcribing agency: NUST
110 ## - HEADING--CORPORATE NAME
- Corporate name or jurisdiction name as entry element: SUPERVISOR DR. USMAN AKRAM LEC ANUM ABDUL SALAM
670 ## - SOURCE DATA FOUND
- Source citation: Work cat.: (NUST): NS Faizan Sohail NS Abdullah Arshad NS Mashaal Ibne Masha Allah NS Ammad Ali 124321, PR-SOF-2378-Dermopsy-Deep Learning Based Pas Stained Slide Analysis & Noninvasive Confocal Image Staining, 2024.
